Wales - Belgium UEFA Euro 2016 - Quarter Finals - Statistics

General Stats
  • This quiz has been taken 140 times
  • The average score is 18 of 30
Answer Stats
Answer % Correct
Gareth Bale
95%
Jordan Lukaku
92%
Romelu Lukaku
92%
Eden Hazard
87%
Thibaut Courtois
87%
Aaron Ramsey
85%
Kevin De Bruyne
83%
Hal Robson-Kanu ¹
77%
Ashley Williams ¹
74%
Wayne Hennessey
68%
Axel Witsel
67%
Joe Allen
67%
Toby Alderweireld
64%
Marouane Fellaini
63%
Ben Davies
59%
Thomas Meunier
56%
Dries Mertens
53%
Radja Nainggolan ¹
53%
Sam Vokes ¹
52%
Yannick Carrasco
51%
Jason Denayer
48%
Joe Ledley
48%
Neil Taylor
48%
Chris Coleman
47%
Chris Gunter
44%
James Chester
42%
Marc Wilmots
40%
Andy King
37%
Michy Batshuayi
35%
James Collins
30%
No matching quizzes found
Score Distribution
Percent of People with Each Score
Percentile by Number Answered
Your Score History
You have not taken this quiz